In der indischen Verfassung gelistete Sprachen - Statistiken

Allgemein
  • Dieses Quiz wurde 14 mal gespielt
  • Das Durchschnittsergebnis liegt bei 10 aus 22
Antworten auf der Karte
Die Antworten werden auf der Karte rot bzw. grün angezeigt, abhängig davon wie oft sie richtig erraten wurden.
 
Antwortstatistiken
Sprache % Korrekt
Hindi
100%
Tamil
79%
Bengalisch
71%
Marathi
71%
Telugu
64%
Gujarati
57%
Urdu
57%
Kannada
50%
Nepali
43%
Kashmiri
36%
Maithili
36%
Malayalam
36%
Oriya
36%
Panjabi
36%
Sanskrit
36%
Assamesisch
29%
Sindhi
29%
Konkani
21%
Manipuri
21%
Bodo
14%
Dogri
14%
Santali
14%
Keine übereinstimmenden Quizze gefunden
Verteilung der Resultate
Anzahl Personen mit jedem Resultat
Perzentil nach korrekt beantworteten Fragen
Ihre Resultats-Entwicklung
Sie haben dieses Quiz noch nicht gespielt